इतिहास, संस्कृति और सांप्रदायिकता / (Record no. 19286)

MARC details
000 -LEADER
fixed length control field 01310nam a22003017a 4500
005 - DATE AND TIME OF LATEST TRANSACTION
control field 20081128161935.0
008 - FIXED-LENGTH DATA ELEMENTS--GENERAL INFORMATION
fixed length control field 081128t xxu||||| |||| 00| 0 hin d
010 ## - LCCN (DPL NO)
LC control number HIN-85276
020 ## - INTERNATIONAL STANDARD BOOK NUMBER
International Standard Book Number 81857268009
Terms of availability 250.00
035 ## - SYSTEM CONTROL NUMBER
System control number HN-57622
037 ## - SOURCE OF ACQUISITION
Source of stock number/acquisition DBAD/PUB
040 ## - CATALOGING SOURCE
Original cataloging agency DPL
Language of cataloging HN
082 ## - DEWEY DECIMAL CLASSIFICATION NUMBER
Classification number 954
100 ## - MAIN ENTRY--PERSONAL NAME
Personal name मुले, गुणाकर
245 ## - TITLE STATEMENT
Title इतिहास, संस्कृति और सांप्रदायिकता /
Statement of responsibility, etc गुणकर मुले
246 ## - VARYING FORM OF TITLE
Title proper/short title Itihaasa, sanskriti aura samprdaayiktaa
Remainder of title by Gunakar Muley
260 ## - PUBLICATION, DISTRIBUTION, ETC. (IMPRINT)
Place of publication, distribution, etc दिल्ली
Name of publisher, distributor, etc यात्री प्रकाशन
Date of publication, distribution, etc 2008
270 ## - ADDRESS
Address बी-131, गली नं.2, सादतपुर,
City दिल्ली
Postal code 110 049
300 ## - PHYSICAL DESCRIPTION
Extent 157पृ.
Dimensions 22सेमी(सजिल्द)
650 ## - SUBJECT ADDED ENTRY--TOPICAL TERM
Topical term or geographic name as entry element साम्प्रदायिकता
Geographic subdivision भारत
650 ## - SUBJECT ADDED ENTRY--TOPICAL TERM
Topical term or geographic name as entry element Communalism
Geographic subdivision India
651 ## - SUBJECT ADDED ENTRY--GEOGRAPHIC NAME
Geographic name भारत
General subdivision इतिहास
651 ## - SUBJECT ADDED ENTRY--GEOGRAPHIC NAME
Geographic name India
General subdivision HIstory
651 ## - SUBJECT ADDED ENTRY--GEOGRAPHIC NAME
Geographic name भारत
General subdivision सभ्यता
651 ## - SUBJECT ADDED ENTRY--GEOGRAPHIC NAME
Geographic name India
General subdivision Civilization
942 ## - ADDED ENTRY ELEMENTS (KOHA)
Source of classification or shelving scheme Dewey Decimal Classification
Item type Hindi Books
Classification part 954
Call number suffix मुलेगु
Holdings
Withdrawn status Lost status Source of classification or shelving scheme Damaged status Not for loan Home library Current library Date acquired Source of acquisition Cost, normal purchase price Total Checkouts Full call number Barcode Date last seen Copy number Cost, replacement price Koha item type
    Dewey Decimal Classification   Not For Loan D.B.Act.Division D.B.Act.Division 16/12/2008 DBAD / PUB 250.00   954 मुलेगु HN-57622 28/11/2008 1 250.00 Hindi Books

© Delhi Public Library
Hit Counter
free hit counter